000 01200nam0a2200313 4500
001 RU\NLR\bibl\825611
005 20250614140301.0
010 _a5-901866-03-7
021 _aRU
_b2005-16462
_9839
035 _a(NLR Aleph) 000814509
090 _a1262201
_c1262201
100 _a20050729d2004 |||y0rusy50 ca
101 0 _arus
102 _aRU
105 _aa |||||||||
200 1 _aТрофеи Второй Мировой
_e1941-1945
_e60 лет спустя
_fУльянов В.Б.
210 _aМосква
_c[б.и.]
_d2004
215 _a497,[1] с.
_cцв. ил.
_d25
320 _aБиблиогр. в конце кн.
606 1 _aВеликая Отечественная война
_xТрофеи, захваченные советскими войсками
_z1941 - 1945
_92237835
_3RU\NLR\auth\661342942
606 1 _aВоенно-поисковые работы
_yРоссийская Федерация
_92398213
_3RU\NLR\auth\661429736
686 _aЦ35(2)722-83,1
686 _aЦ4,6(2Р)910
700 1 _aУльянов
_bВ. Б.
_gВладимир Б
_4070
801 0 _aRU
_bNLR
_c20050729
_grcr
801 1 _aRU
_bNLR
_c20050729
942 _cBOOK
980 _aNB